00673nas a2200217Ia 4500001001100000003000900011008004100020040001300061040001300074041001300087100004700100210000900147222000900156245008100165250001100246260002600257501008600283300001700369362003300386650003600419R004/39949IT-RoPAU151124c99999999xx |||||||||||| ||und|| aIT-RoPAU cIT-RoPAU aITALIANO aTurroni GiuseppegCodice Aut. SPICS: 294 aCIAK aCiak aCIAK SI GIRA, ANNO 01-N.07-NOVEMBRE 1985bRe Se N'E' Andato (Il)-Yul Brynner a1a ed. aMILANObRIZZOLIc1985 bPaulus - SPICS - Società San Paolo EM (non-commercial uses only)cCopyright2015 a2 p. [80-81] aANNO 001, N.07-NOVEMBRE 1985 aCINEMAvPUBBLICAZIONE PERIODICA